=LDR 00000nam 2200000 4500 =001 INLIS000000000010328 =005 20170315135130.0 =006 =007 =008 Ind =035 ##$$0010-061300000010328 =041 ##$$a Ind =082 ##$$a 153.430 4 =090 ##$$a 153.430 4, Dun a =100 ##$$a DUNN, William N =245 ##$$a Analisa kebijaksanaan publik =260 ##$$a 2003 $b Yogyakarta =300 ##$$a iv, 176 hlm, 23 cm =650 ##$$a Analisa Kebijaksanaan Publik =850 ##$$a NBPNMAT